000 00681nam a2200241Ia 4500
003 OSt
005 20220927105705.0
006 a|||||r|||| 00| 0
007 ta
008 220926b |||||||| |||| 00| 0 eng d
024 _a201263
037 _cReference Collections
040 _aRTL
_cRTL
_beng
041 _2eng
_aeng
082 _a"X:3M24M1,N64, K6/RR"
100 _aMILIBAND Ralph
_9374206
245 0 _aSocialist Register
260 _aLondon
_bMerlin Press
_c1966
300 _a305p.
_ccm.
700 _a SAVILLE John
_9374207
942 _h"X:3M24M1,N64, K6/RR"
_cCC
999 _c693908
_d693908